| 000 | 00732cam a2200229 a 4500 | ||
|---|---|---|---|
| 001 | 14230528 | ||
| 005 | 20180110080628.0 | ||
| 008 | 060113s2006 inua 001 0 eng | ||
| 010 | _a 2006920627 | ||
| 020 | _a9780471798323 (pbk. : alk. paper) | ||
| 020 | _a0471798320 (pbk. : alk. paper) | ||
| 040 |
_aDLC _cDLC _dDLC |
||
| 041 | _aeng | ||
| 080 | _a371.334 CAK | ||
| 082 | 0 | 0 |
_a371.334 CAK _222 |
| 100 | _a45 | ||
| 101 | _aJUR | ||
| 245 | 0 | 0 |
_aBlackboard for dummies / _cby Howie Southworth ... [et al.]. |
| 906 |
_a7 _bcbc _corignew _d2 _eepcn _f20 _gy-gencatlg |
||
| 942 |
_2ddc _cBK |
||
| 999 |
_c40023 _d40023 |
||